[Event "ESP-chT CECLUB Div2"]
[Site "Linares"]
[Date "2023.08.17"]
[Round "6.37"]
[White "Perez Lopez, Jesus Maria"]
[Black "Garcia Ramos, Daniel"]
[Result "0-1"]
[WhiteElo "2260"]
[BlackElo "2468"]
[PlyCount "58"]
[EventDate "2023.08.13"]
[EventType "team-swiss"]
[EventRounds "7"]
[EventCountry "ESP"]
[SourceTitle "EXT 2024"]
[Source "ChessBase"]
[SourceDate "2023.10.10"]
[SourceVersion "1"]
[SourceVersionDate "2023.10.10"]
[SourceQuality "1"]
[WhiteTeam "Solvay II"]
[BlackTeam "Colon Sabadell Chessy"]
[WhiteTeamCountry "ESP"]
[BlackTeamCountry "ESP"]

1. d4 Nf6 2. c4 e6 3. Nc3 d5 4. cxd5 exd5 5. Bg5 c6 6. Qc2 h6 7. Bh4 Be7 8. e3 0-0 9. Bd3 Re8 10. Nf3 Ne4 11. Bxe7 Qxe7 12. 0-0 Bf5 13. Ne5 f6 14. Nf3 Bh7 15. Nd2 f5 16. Rae1 Nd7 17. f3 Nxd2 18. Qxd2 Qg5 19. Nd1 Re6 20. Qb4 Nb6 21. a4 Qe7 22. Qb3 Re8 23. Qc2 Qf6 24. Kh1 Nc8 25. b3 Nd6 26. g4 Bg6 27. h3 h5 28. Qg2 fxg4 29. fxg4 Qh4 0-1

[Event "ESP-chT CECLUB Div1 GpB"]
[Site "Linares"]
[Date "2013.08.21"]
[Round "3.2"]
[White "Rodriguez Melgar, Josep M"]
[Black "Perez Lopez, Jesus Maria"]
[Result "0-1"]
[WhiteElo "2190"]
[BlackElo "2278"]
[PlyCount "84"]
[EventDate "2013.08.19"]
[EventType "team-tourn"]
[EventRounds "5"]
[EventCountry "ESP"]
[SourceTitle "CBM 156 Extra"]
[Source "ChessBase"]
[SourceDate "2013.10.22"]
[SourceVersion "1"]
[SourceVersionDate "2013.10.22"]
[SourceQuality "1"]
[WhiteTeam "Lleida"]
[BlackTeam "Solvay II"]
[WhiteTeamCountry "ESP"]
[BlackTeamCountry "ESP"]

1. e4 e6 2. d4 d5 3. Nc3 Bb4 4. exd5 exd5 5. Bd3 Nf6 6. Nf3 Bg4 7. Qe2+ Be7 8. h3 Bxf3 9. Qxf3 Nc6 10. Ne2 Nb4 11. Bb5+ c6 12. Ba4 Qa5 13. Nc3 0-0 14. a3 Na6 15. 0-0 Nc7 16. b4 Qb6 17. Be3 a5 18. b5 cxb5 19. Nxb5 Nxb5 20. Rfb1 Nxd4 21. Qd1 Qc7 22. Bxd4 Ne4 23. Bb6 Qe5 24. Bd4 Qc7 25. Bb6 Qf4 26. Rb3 Bf6 27. Rf3 Qe5 28. Rxf6 Qxf6 29. Bd4 Qf5 30. c3 Rac8 31. Bc2 Qf4 32. Qd3 Qd2 33. Qxd2 Nxd2 34. f3 Nc4 35. a4 Rfe8 36. Kf2 Re7 37. Rb1 Na3 38. Bf5 Nxb1 39. Bxc8 Nxc3 40. Bxc3 Rc7 41. Bxb7 Rxb7 42. Bxa5 Ra7 0-1

[Event "ESP-chT Honor Gp2"]
[Site "Montcada"]
[Date "2009.09.18"]
[Round "3"]
[White "Perez Lopez, Jesus Maria"]
[Black "Perez Candelario, Manuel"]
[Result "0-1"]
[WhiteElo "2266"]
[BlackElo "2516"]
[PlyCount "66"]
[EventDate "2009.09.16"]
[EventType "team-tourn"]
[EventRounds "5"]
[EventCountry "ESP"]
[SourceTitle "CBM 133"]
[Source "ChessBase"]
[SourceDate "2009.11.19"]
[SourceVersion "1"]
[SourceVersionDate "2009.11.19"]
[SourceQuality "1"]

1. d4 g6 2. e4 Bg7 3. c4 d6 4. Nc3 e5 5. Be3 exd4 6. Bxd4 Nf6 7. f3 0-0 8. Nge2 Nc6 9. Be3 Ne5 10. Nd4 c6 11. Be2 d5 12. cxd5 cxd5 13. exd5 Nxd5 14. Nxd5 Qxd5 15. Nb5 Qe6 16. Nc7 Nxf3+ 17. Kf2 Qe5 18. Nxa8 Ng5 19. Bf3 Nxf3 20. Qxf3 Qxb2+ 21. Kg3 Be5+ 22. Bf4 g5 23. Bxe5 Qxe5+ 24. Kf2 Qb2+ 25. Kg3 Qe5+ 26. Kf2 Qb2+ 27. Kg3 h5 28. h3 h4+ 29. Kh2 Qe5+ 30. g3 Qb2+ 31. Qg2 hxg3+ 32. Kxg3 Qe5+ 33. Kf2 Qd4+ 0-1

[Event "ESP-chT Honor Gp2"]
[Site "Montcada"]
[Date "2009.09.17"]
[Round "2"]
[White "Maza Broto, Pablo"]
[Black "Perez Lopez, Jesus Maria"]
[Result "0-1"]
[WhiteElo "1996"]
[BlackElo "2266"]
[PlyCount "110"]
[EventDate "2009.09.16"]
[EventType "team-tourn"]
[EventRounds "5"]
[EventCountry "ESP"]
[SourceTitle "CBM 133"]
[Source "ChessBase"]
[SourceDate "2009.11.19"]
[SourceVersion "1"]
[SourceVersionDate "2009.11.19"]
[SourceQuality "1"]

1. d4 d5 2. Nf3 c6 3. e3 Bg4 4. c4 e6 5. Nc3 Nd7 6. h3 Bh5 7. Be2 Ngf6 8. g4 Bg6 9. Nh4 Bb4 10. Qb3 Qa5 11. Bd2 dxc4 12. Bxc4 Qb6 13. a3 Bxc3 14. Bxc3 Be4 15. f3 Bd5 16. Qxb6 Nxb6 17. Be2 Bc4 18. Ng2 Nfd5 19. e4 Nxc3 20. bxc3 0-0-0 21. Ne3 Bxe2 22. Kxe2 h5 23. g5 Rd7 24. Rhd1 Rhd8 25. Rd3 Kc7 26. Rad1 Na4 27. R1d2 b5 28. c4 a6 29. c5 f6 30. gxf6 gxf6 31. f4 Rg7 32. Kf3 Rdg8 33. Rg2 Rxg2 34. Nxg2 Nb2 35. Rc3 Nc4 36. Rd3 a5 37. Ne3 h4 38. Ng4 f5 39. exf5 exf5 40. Nh6 Rf8 41. d5 cxd5 42. Rxd5 Nxa3 43. Nxf5 Nc2 44. Ng7 Kc6 45. Rd2 Na3 46. f5 Nc4 47. Rg2 b4 48. Rg6+ Kb5 49. Ke4 b3 50. Rg1 b2 51. Ne6 Rg8 52. Rh1 a4 53. Kd4 a3 54. f6 a2 55. f7 Rh8 0-1

[Event "ESP-ch Student"]
[Site "Cartagena"]
[Date "2007.05.07"]
[Round "1"]
[White "Perez Lopez, Jesus Maria"]
[Black "Gimenez Carretero, Antonio E"]
[Result "1/2-1/2"]
[WhiteElo "2261"]
[BlackElo "2027"]
[PlyCount "72"]
[EventDate "2007.05.06"]
[EventType "swiss"]
[EventRounds "9"]
[EventCountry "ESP"]
[SourceTitle "CBM 118 Extra"]
[Source "ChessBase"]
[SourceDate "2007.07.04"]
[SourceVersion "1"]
[SourceVersionDate "2007.07.04"]
[SourceQuality "1"]

1. d4 d5 2. Nf3 Nf6 3. c4 e6 4. Nc3 c6 5. Bg5 Be7 6. e3 0-0 7. Qc2 Nbd7 8. cxd5 cxd5 9. Bd3 h6 10. Bh4 a6 11. 0-0 b5 12. a4 b4 13. Na2 Bb7 14. Nc1 Rc8 15. Qe2 a5 16. Bb5 Qc7 17. Nb3 Bd6 18. Rfc1 Qb6 19. Ne1 Rxc1 20. Rxc1 Rc8 21. Rxc8+ Bxc8 22. Nd3 Ba6 23. Ndc5 Bxb5 24. Qxb5 Qxb5 25. axb5 Bc7 26. Bg3 Bb6 27. Na4 Bd8 28. Nbc5 Nb6 29. Nxb6 Bxb6 30. Na4 Nd7 31. Bd6 f6 32. Kf1 Kf7 33. Ke1 Ke8 34. Nxb6 Nxb6 35. Bc7 Nc4 36. b6 Kd7 1/2-1/2

[Event "Calvia Autonomicas-chT"]
[Site "Calvia"]
[Date "2007.05.05"]
[Round "4"]
[White "Argandona Riveiro, Inigo"]
[Black "Perez Lopez, Jesus Maria"]
[Result "1-0"]
[WhiteElo "2400"]
[BlackElo "2261"]
[PlyCount "39"]
[EventDate "2007.05.03"]
[EventType "team"]
[EventRounds "5"]
[EventCountry "ESP"]
[SourceTitle "CBM 118 Extra"]
[Source "ChessBase"]
[SourceDate "2007.07.04"]
[SourceVersion "1"]
[SourceVersionDate "2007.07.04"]
[SourceQuality "1"]

1. d4 d5 2. c4 c6 3. Nf3 Nf6 4. Nc3 dxc4 5. a4 Bf5 6. e3 e6 7. Bxc4 Bb4 8. Qe2 0-0 9. 0-0 Bg6 10. Ne5 Nbd7 11. Nxg6 hxg6 12. Rd1 Qa5 13. Bd2 e5 14. d5 e4 15. dxc6 bxc6 16. Nxe4 Nxe4 17. Bxb4 Qxb4 18. Rxd7 Rad8 19. Bxf7+ Kh7 20. Qg4 1-0

[Event "Benidorm Bali op-A"]
[Site "Benidorm"]
[Date "2003.11.24"]
[Round "4"]
[White "Picazo Lopez, Juan Antonio"]
[Black "Perez Lopez, Jesus Maria"]
[Result "0-1"]
[WhiteElo "2113"]
[BlackElo "2205"]
[PlyCount "64"]
[EventDate "2003.11.21"]
[EventType "swiss"]
[EventRounds "9"]
[EventCountry "ESP"]
[SourceTitle "CBM 097 Extra"]
[Source "ChessBase"]
[SourceDate "2004.01.13"]
[SourceVersion "1"]
[SourceVersionDate "2004.01.13"]
[SourceQuality "1"]

1. d4 d5 2. c4 c6 3. Nc3 Nf6 4. Bg5 dxc4 5. e3 Nd5 6. Qc2 Qa5 7. Nf3 Nxc3 8. bxc3 Bf5 9. Qb2 b5 10. Nd2 Nd7 11. e4 Bg6 12. f4 Nb6 13. f5 Bh5 14. Qc2 Na4 15. Rc1 e6 16. Nb1 f6 17. Bf4 exf5 18. exf5 Be7 19. g4 Bf7 20. Bg2 Rc8 21. 0-0 0-0 22. Rfe1 Rfe8 23. Re3 Bf8 24. Rg3 Qd8 25. Nd2 c5 26. Nf3 cxd4 27. cxd4 Nb6 28. Rf1 Nd5 29. Bc1 Ne3 30. Bxe3 Rxe3 31. g5 fxg5 32. Rxg5 Rxf3 0-1

[Event "Benidorm Bali op-A"]
[Site "Benidorm"]
[Date "2003.11.23"]
[Round "3"]
[White "Perez Lopez, Jesus Maria"]
[Black "Lacrosse, Marc"]
[Result "0-1"]
[WhiteElo "2205"]
[BlackElo "2255"]
[PlyCount "58"]
[EventDate "2003.11.21"]
[EventType "swiss"]
[EventRounds "9"]
[EventCountry "ESP"]
[SourceTitle "CBM 097 Extra"]
[Source "ChessBase"]
[SourceDate "2004.01.13"]
[SourceVersion "1"]
[SourceVersionDate "2004.01.13"]
[SourceQuality "1"]

1. d4 d5 2. c4 e6 3. Nf3 Nf6 4. Bg5 c6 5. e3 Nbd7 6. cxd5 exd5 7. Nc3 Be7 8. Qc2 0-0 9. Bd3 Re8 10. h3 Nf8 11. 0-0-0 Be6 12. Kb1 Rc8 13. g4 a6 14. Rc1 c5 15. dxc5 Rxc5 16. Nd4 b5 17. Qd2 N6d7 18. Bxe7 Qxe7 19. Nf5 Bxf5 20. Bxf5 Nb6 21. Ne2 Nc4 22. Qc3 g6 23. Rhg1 f6 24. Bc2 Qc7 25. Nf4 Nxe3 26. Qd4 Nxc2 27. Rxc2 Rxc2 28. Nxd5 Qe5 29. Nxf6+ Kg7 0-1

[Event "Benidorm op U2300 02nd"]
[Site "Benidorm"]
[Date "2002.??.??"]
[Round "5.16"]
[White "Bosque Ortega, Xavier"]
[Black "Perez Lopez, Jesus Maria"]
[Result "1-0"]
[WhiteElo "2249"]
[BlackElo "2170"]
[PlyCount "103"]
[EventDate "2002.11.22"]
[EventType "swiss"]
[EventRounds "9"]
[EventCountry "ESP"]
[SourceTitle "CBM 091 Extra"]
[Source "ChessBase"]
[SourceDate "2003.01.09"]
[SourceVersion "1"]
[SourceVersionDate "2003.01.09"]
[SourceQuality "1"]

1. d4 g6 2. Nf3 Bg7 3. Bf4 d6 4. e3 Nd7 5. h3 e5 6. Bh2 Qe7 7. Be2 Ngf6 8. c4 0-0 9. Nc3 c6 10. 0-0 Rd8 11. Qb3 Ne8 12. Qa3 f6 13. Rad1 Bf8 14. b4 Nc7 15. Qb3 Kh8 16. c5 d5 17. e4 dxe4 18. Nxe4 Bg7 19. dxe5 fxe5 20. Nfg5 Rf8 21. Bc4 Nf6 22. Nxf6 Bxf6 23. Ne4 Bg7 24. Nd6 a5 25. a3 axb4 26. axb4 h6 27. Rfe1 Ne8 28. Nf7+ Kh7 29. Nxe5 Qg5 30. Nf3 Qh5 31. Be6 Bxe6 32. Rxe6 Nf6 33. Be5 Rae8 34. Rxe8 Nxe8 35. Bxg7 Nxg7 36. Rd7 Qf5 37. Rxb7 Qf6 38. Qd1 Rd8 39. Qe1 Re8 40. Qd2 Rd8 41. Qe3 Rd1+ 42. Kh2 Rb1 43. Qd4 Qf8 44. Ne5 h5 45. Nd7 Qc8 46. Nf6+ Kh6 47. Ng4+ hxg4 48. Qxg7+ Kg5 49. h4+ Kf4 50. Qd4+ Kf5 51. Rf7+ Ke6 52. Rf6+ 1-0

[Event "ESP-chT"]
[Site "Cala Galdana"]
[Date "2001.10.16"]
[Round "4"]
[White "Perez Lopez, Jesus Maria"]
[Black "Del Rio de Angelis, Salvador Gabriel"]
[Result "1/2-1/2"]
[WhiteElo "2178"]
[BlackElo "2489"]
[PlyCount "81"]
[EventDate "2001.10.13"]
[EventType "team"]
[EventRounds "9"]
[EventCountry "ESP"]
[SourceTitle "CBM 084 Extra"]
[Source "ChessBase"]
[SourceDate "2001.10.26"]
[SourceVersion "1"]
[SourceVersionDate "2001.10.26"]
[SourceQuality "1"]

1. Nf3 d5 2. d4 Nf6 3. g3 g6 4. Bg2 Bg7 5. 0-0 0-0 6. c4 dxc4 7. Qa4 Nfd7 8. Qxc4 Nb6 9. Qc2 Nc6 10. Rd1 Bg4 11. d5 Nb4 12. Qe4 Bxf3 13. Bxf3 a5 14. Nc3 Qd7 15. Bg5 Rfe8 16. Rac1 Nc8 17. Qb1 Nd6 18. Bf4 Na6 19. e4 f6 20. Ne2 b6 21. Nd4 Nc5 22. Ne6 Nxe6 23. dxe6 Qd8 24. a4 Ra7 25. Qa2 Kh8 26. Qd5 Rf8 27. h4 h5 28. Kh2 Qe8 29. Rc6 Kh7 30. Rdc1 Qd8 31. g4 hxg4 32. Bxg4 Bh6 33. Bxh6 Kxh6 34. f4 f5 35. exf5 Nxf5 36. Qxd8 Rxd8 37. Bxf5 gxf5 38. Rxc7 Rxc7 39. Rxc7 Kh5 40. Rxe7 Kxh4 41. Rg7 1/2-1/2

[Event "ESP-chT Div 2"]
[Site "Cala Galdana"]
[Date "1999.11.12"]
[Round "5"]
[White "Perez Lopez, Jesus Maria"]
[Black "Gaya Llodra, Juan"]
[Result "1/2-1/2"]
[WhiteElo "2104"]
[BlackElo "2238"]
[PlyCount "70"]
[EventDate "1999.11.08"]
[EventType "team"]
[EventRounds "9"]
[EventCountry "ESP"]
[SourceTitle "CBM 073 Extra"]
[Source "ChessBase"]
[SourceDate "2000.01.11"]
[SourceVersion "1"]
[SourceVersionDate "2000.01.11"]
[SourceQuality "1"]

1. d4 Nf6 2. c4 g6 3. f3 c5 4. d5 d6 5. e4 Bg7 6. Nc3 0-0 7. Bg5 h6 8. Be3 e6 9. Qd2 exd5 10. cxd5 Na6 11. Nge2 Rb8 12. Nc1 Nc7 13. a4 a6 14. a5 b5 15. axb6 Rxb6 16. Be2 Nb5 17. Nxb5 axb5 18. 0-0 Kh7 19. Ra7 Nd7 20. Nd3 Rb7 21. Ra2 Nb6 22. Nf2 Nc4 23. Bxc4 bxc4 24. Qc2 Qb6 25. Qxc4 Bd7 26. Rfa1 Rfb8 27. Nd1 Qb3 28. Qxb3 Rxb3 29. Bd2 f5 30. Bc3 Bd4+ 31. Bxd4 cxd4 32. Ra7 R8b7 33. R1a3 fxe4 34. fxe4 Bg4 35. Rxb7+ Rxb7 1/2-1/2

[Event "ESP-chT Div 2"]
[Site "Cala Galdana"]
[Date "1999.11.11"]
[Round "4"]
[White "Veingold, Aleksandr"]
[Black "Perez Lopez, Jesus Maria"]
[Result "1-0"]
[WhiteElo "2460"]
[BlackElo "2104"]
[PlyCount "79"]
[EventDate "1999.11.08"]
[EventType "team"]
[EventRounds "9"]
[EventCountry "ESP"]
[SourceTitle "CBM 073 Extra"]
[Source "ChessBase"]
[SourceDate "2000.01.11"]
[SourceVersion "1"]
[SourceVersionDate "2000.01.11"]
[SourceQuality "1"]

1. d4 Nf6 2. Nf3 g6 3. c4 Bg7 4. Nc3 0-0 5. e4 d6 6. Be2 c5 7. 0-0 cxd4 8. Nxd4 Bd7 9. Be3 Nc6 10. Qd2 Nxd4 11. Bxd4 Bc6 12. f3 Nd7 13. Be3 a5 14. b3 Nc5 15. Rab1 Qb6 16. Rfc1 Rfc8 17. Rc2 Qd8 18. Bf1 Be5 19. Nd1 Qf8 20. Nf2 h5 21. Bh6 Bg7 22. Bg5 Kh7 23. Re1 Rc7 24. Be3 Bh6 25. Nd1 Bxe3+ 26. Qxe3 Qh6 27. Qf2 Qg7 28. e5 Rd7 29. exd6 exd6 30. Rd2 Rad8 31. Ne3 Qc3 32. Rc2 Qb4 33. g4 h4 34. Qxh4+ Kg7 35. Nf5+ gxf5 36. gxf5 Bxf3 37. f6+ Kg6 38. Re3 Ne4 39. Rxf3 Qc5+ 40. Kh1 1-0

[Event "ESP-ch U20"]
[Site "Seville"]
[Date "1999.??.??"]
[Round "6"]
[White "Garcia Roman, Daniel"]
[Black "Perez Lopez, Jesus Maria"]
[Result "1-0"]
[WhiteElo "2242"]
[BlackElo "2104"]
[PlyCount "91"]
[EventDate "1999.??.??"]
[EventType "swiss"]
[EventRounds "9"]
[EventCountry "ESP"]
[SourceTitle "EXT 2000"]
[Source "ChessBase"]
[SourceDate "1999.11.16"]
[SourceVersion "1"]
[SourceVersionDate "1999.11.16"]
[SourceQuality "1"]

1. e4 e6 2. d4 d5 3. Nd2 c5 4. exd5 Qxd5 5. Ngf3 cxd4 6. Bc4 Qd6 7. 0-0 Nf6 8. Nb3 Nc6 9. Nbxd4 Nxd4 10. Qxd4 Qxd4 11. Nxd4 a6 12. Be2 Bd6 13. Rd1 Ke7 14. Be3 Nd5 15. Nf5+ exf5 16. Rxd5 Be6 17. Rd2 Rad8 18. Rad1 Bc7 19. Bc5+ Kf6 20. Rxd8 Rxd8 21. Rxd8 Bxd8 22. Bd4+ Kg6 23. c4 Bf6 24. Bxf6 Kxf6 25. f4 a5 26. Kf2 b6 27. Ke3 Ke7 28. Kd4 Kd6 29. b3 f6 30. a3 Bd7 31. Bf3 Be8 32. b4 axb4 33. axb4 Ba4 34. Be2 g6 35. c5+ bxc5+ 36. bxc5+ Kc7 37. Bc4 Bc2 38. Kd5 Be4+ 39. Ke6 Bxg2 40. Kxf6 Kc6 41. Bg8 Kxc5 42. Bxh7 Kd4 43. Bxg6 Ke4 44. Kg5 Bh3 45. Bh7 Bg4 46. h4 1-0

[Event "Catalunya-chT"]
[Site "Spain"]
[Date "1999.??.??"]
[Round "7"]
[White "Granados Gomez, Manuel"]
[Black "Perez Lopez, Jesus Maria"]
[Result "1-0"]
[WhiteElo "2455"]
[BlackElo "2270"]
[PlyCount "77"]
[EventDate "1999.??.??"]
[EventType "team"]
[EventRounds "9"]
[EventCountry "ESP"]
[SourceTitle "EXT 2000"]
[Source "ChessBase"]
[SourceDate "1999.11.16"]
[SourceVersion "1"]
[SourceVersionDate "1999.11.16"]
[SourceQuality "1"]

1. d4 Nf6 2. Nf3 e6 3. c4 Bb4+ 4. Nbd2 d5 5. g3 0-0 6. Bg2 dxc4 7. Qc2 Nc6 8. Qxc4 Bd6 9. 0-0 e5 10. dxe5 Nxe5 11. Nxe5 Bxe5 12. Nf3 Bd6 13. e4 Be6 14. Qc2 Bg4 15. e5 Bxf3 16. Bxf3 Bxe5 17. Bxb7 Rb8 18. Bc6 Rb6 19. Rb1 Qd6 20. Bg2 c5 21. Be3 Bd4 22. Rfd1 Qe5 23. Bxd4 cxd4 24. Qa4 d3 25. b3 Rd6 26. Qxa7 d2 27. Qc7 Re8 28. Qc2 Qd4 29. Qc4 Qe5 30. b4 g5 31. h3 h5 32. Qc5 Kg7 33. Qxe5 Rxe5 34. a4 Ne4 35. Bxe4 Rxe4 36. a5 Rd5 37. a6 Re7 38. Kf1 Ra7 39. b5 1-0

[Event "Catalunya-chT"]
[Site "Spain"]
[Date "1999.??.??"]
[Round "3"]
[White "Grau Brumos, Isidre"]
[Black "Perez Lopez, Jesus Maria"]
[Result "0-1"]
[WhiteElo "2230"]
[BlackElo "2270"]
[PlyCount "108"]
[EventDate "1999.??.??"]
[EventType "team"]
[EventRounds "9"]
[EventCountry "ESP"]
[SourceTitle "EXT 2000"]
[Source "ChessBase"]
[SourceDate "1999.11.16"]
[SourceVersion "1"]
[SourceVersionDate "1999.11.16"]
[SourceQuality "1"]

1. d4 Nf6 2. Nf3 e6 3. Bg5 d5 4. c3 Be7 5. Nbd2 0-0 6. e3 Nfd7 7. Bxe7 Qxe7 8. Bd3 e5 9. Nxe5 Nxe5 10. dxe5 Qxe5 11. Nf3 Qf6 12. Qc2 h6 13. h4 Nc6 14. 0-0-0 Ne5 15. Bh7+ Kh8 16. Ng5 g6 17. Rxd5 Bf5 18. e4 Be6 19. Nxe6 fxe6 20. Rxe5 Qxe5 21. Bxg6 Qf4+ 22. Kb1 Qxf2 23. Qc1 Kg7 24. Bh5 Rad8 25. Bf3 Rd2 26. Rf1 Rxb2+ 27. Qxb2 Qxf1+ 28. Kc2 Qf2+ 29. Kb3 Qb6+ 30. Kc2 Qf2+ 31. Kb3 Qxb2+ 32. Kxb2 b6 33. Kb3 Kf6 34. Kc4 a6 35. Kd4 Rd8+ 36. Ke3 Ke5 37. a4 b5 38. axb5 axb5 39. g4 c5 40. Be2 b4 41. cxb4 cxb4 42. Bc4 Rc8 43. Kd3 Rxc4 44. Kxc4 Kxe4 45. g5 hxg5 46. hxg5 Kf5 47. Kxb4 Kxg5 48. Kc4 Kf4 49. Kd3 e5 50. Ke2 Ke4 51. Kd1 Kf3 52. Kd2 e4 53. Ke1 Ke3 54. Kf1 Kd2 0-1

[Event "ESP-ch U20"]
[Site "Seville"]
[Date "1999.??.??"]
[Round "9"]
[White "Perez Lopez, Jesus Maria"]
[Black "Franco Alonso, Alejandro"]
[Result "1/2-1/2"]
[WhiteElo "2104"]
[BlackElo "2185"]
[PlyCount "30"]
[EventDate "1999.??.??"]
[EventType "swiss"]
[EventRounds "9"]
[EventCountry "ESP"]
[SourceTitle "EXT 2000"]
[Source "ChessBase"]
[SourceDate "1999.11.16"]
[SourceVersion "1"]
[SourceVersionDate "1999.11.16"]
[SourceQuality "1"]

1. d4 Nf6 2. c4 g6 3. Nc3 Bg7 4. e4 d6 5. g3 0-0 6. Bg5 c5 7. d5 e6 8. Qd2 exd5 9. cxd5 Re8 10. Nge2 Nbd7 11. Nc1 a6 12. a4 Qa5 13. Ra3 h5 14. Be2 Nh7 15. Bh6 Bh8 1/2-1/2

[Event "Catalunya-chT"]
[Site "Spain"]
[Date "1999.??.??"]
[Round "2"]
[White "Perez Lopez, Jesus Maria"]
[Black "Martin Gonzalez, Angel"]
[Result "1/2-1/2"]
[WhiteElo "2270"]
[BlackElo "2490"]
[PlyCount "68"]
[EventDate "1999.??.??"]
[EventType "team"]
[EventRounds "9"]
[EventCountry "ESP"]
[SourceTitle "EXT 2000"]
[Source "ChessBase"]
[SourceDate "1999.11.16"]
[SourceVersion "1"]
[SourceVersionDate "1999.11.16"]
[SourceQuality "1"]

1. e4 c5 2. Nf3 d6 3. Bb5+ Nc6 4. 0-0 Nf6 5. Re1 Bd7 6. c3 a6 7. Bf1 e5 8. a4 Be7 9. Na3 0-0 10. Nc4 Nxe4 11. Rxe4 d5 12. Re1 dxc4 13. Nxe5 Nxe5 14. Rxe5 Bd6 15. Re1 Qf6 16. d3 Rfe8 17. Rxe8+ Rxe8 18. dxc4 Bc6 19. Bd2 h6 20. Qg4 Re6 21. Be3 Qe5 22. g3 f5 23. Qh3 g5 24. Bg2 g4 25. Qh4 Bxg2 26. Kxg2 Kg7 27. Rd1 Be7 28. Qh5 Qe4+ 29. Kg1 Qxc4 30. Qe8 Qe4 31. Rd7 Qb1+ 32. Kg2 Qe4+ 33. Kg1 Qb1+ 34. Kg2 Qe4+ 1/2-1/2

[Event "ESP-chT"]
[Site "Spain"]
[Date "1998.??.??"]
[Round "?"]
[White "Perez Lopez, Jesus Maria"]
[Black "Rodriguez Iglesias, Juan Luis"]
[Result "1/2-1/2"]
[WhiteElo "2100"]
[BlackElo "2105"]
[PlyCount "65"]
[EventDate "1998.??.??"]
[EventType "team"]
[EventRounds "9"]
[EventCountry "ESP"]
[SourceTitle "EXT 2004"]
[Source "ChessBase"]
[SourceDate "2003.11.25"]
[SourceVersion "1"]
[SourceVersionDate "2003.11.25"]
[SourceQuality "1"]

1. d4 Nf6 2. c4 g6 3. Nc3 Bg7 4. e4 d6 5. f3 0-0 6. Bg5 Nbd7 7. Qd2 c5 8. d5 a6 9. a4 Qc7 10. Nh3 e6 11. Be2 exd5 12. cxd5 Re8 13. 0-0 Kh8 14. Bh6 Ng8 15. Bxg7+ Kxg7 16. Nf2 Nh6 17. g4 f6 18. h4 Nf7 19. g5 Qd8 20. f4 h6 21. gxh6+ Nxh6 22. Ng4 f5 23. Nxh6 Kxh6 24. e5 Qxh4 25. Kg2 Kg7 26. Rh1 Qd8 27. e6 Nf6 28. a5 b5 29. axb6 Bb7 30. Bf3 Qxb6 31. Na4 Qb5 32. Nc3 Qb6 33. Na4 1/2-1/2